| 000 | 00000nam##2200000za#4500 |
| 001 | 9.643312 |
| 003 | CaOODSP |
| 005 | 20210624224117 |
| 007 | cr ||||||||||| |
| 008 | 150407|1991||||xxc|||||o f|0| 0 fre|d |
| 040 | |aCaOODSP|bfre |
| 043 | |an-cn--- |
| 086 | 1 |aEn40-691/1991F-PDF |
| 110 | 1 |aCanada.|bEnvironnement Canada. |bConservation et Protection. |
| 245 | 10|aDestruction des BPC par incinérateur mobile |h[ressource électronique] |
| 260 | |aDartmouth - Nouvelle-Écosse : |bEnvironnement Canada. |cJuin 1991. |
| 300 | |a2p. |
| 500 | |aLe n° de catalogue (En40-204/1-1991) copiés dans cette édition électronique est incorrects. |
| 590 | |a14-21-Supp|b2014-12-11 |
| 691 | 07|aGestion des déchets|2gcpds |
| 691 | 07|aProduit toxique|2gcpds |
| 775 | 08|tThe destruction of PCBs in a mobile incinerator |w(CaOODSP)9.699321 |
| 856 | 40|ahttp://publications.gc.ca|qPDF|s83 Ko|uhttps://publications.gc.ca/collections/collection_2014/ec/En40-691-1991-fra.pdf |